Every NFL Teams Best Quarterback of all Time - Statistics

General Stats
  • This quiz has been taken 325 times
  • The average score is 21 of 32
Answer Stats
Team Player % Correct
NE Tom Brady
99%
MIA Dan Marino
96%
IND Peyton Manning
91%
NYG Eli Manning
90%
SF Joe Montana
88%
GB Brett Favre
86%
DEN John Elway
84%
NO Drew Brees
83%
BUF Jim Kelly
83%
SEA Russell Wilson
83%
LAC Phillip Rivers
82%
NYJ Joe Namath
81%
ATL Matt Ryan
81%
PIT Terry Bradshaw
79%
BAL Joe Flacco
78%
ARI Kurt Warner
76%
CAR Cam Newton
74%
DAL Roger Staubach
69%
TEN Warren Moon
68%
PHI Donovan McNabb
67%
MIN Fran Tarkenton
57%
HOU Matt Schaub
55%
CLE Otto Graham
53%
KC Len Dawson
48%
OAK Ken Stabler
45%
CIN Ken Anderson
42%
JAX Mark Brunell
42%
WAS Sammy Baugh
38%
TB Brad Johnson
28%
LAR Norm Van Brocklin
23%
CHI Sid Luckman
23%
DET Bobby Layne
21%
No matching quizzes found
Score Distribution
Percent of People with Each Score
Percentile by Number Answered
Your Score History
You have not taken this quiz